| 000 | 00514cam a2200205ua 4500 | ||
|---|---|---|---|
| 001 | 7159 | ||
| 005 | 20260515114149.0 | ||
| 008 | 141127n ii |||gr||||Z||||||eng | ||
| 020 | _a9789380261676 | ||
| 040 | _cMAIN | ||
| 041 | _aeng | ||
| 082 | _a371 | ||
| 100 |
_aBhattacharya, S., _eAuthor. |
||
| 245 | 1 |
_aEducational management : _btheory and practice / _cBy S. Bhattacharya . |
|
| 250 | _a1st. | ||
| 260 |
_aGuwahati: _bEBH, _c2012. |
||
| 300 | _a277p. | ||
| 653 | _aEducational management | ||
| 942 | _cBK | ||
| 999 |
_c6280 _d6280 |
||